NEURO Modern Approach to Economics Disciplines

Salvato in:
Dettagli Bibliografici
Autore principale: Hanuláková, Eva, 1964-
Altri autori: Hula, Róbert, 1992-, Šášky, Michael, 1996-, Krzywonos, Małgorzata, Tahal, Radek, Vančová, Aneta
Natura: Libro
Lingua:inglese
Pubblicazione: Lüdenscheid RAM-Verlag 2022
Edizione:1st Edition
Soggetti:
Tags: Aggiungi Tag
Nessun Tag, puoi essere il primo ad aggiungerne!!

MARC

LEADER 00000nam a2200000 4500
001 0289496
005 20240502083928.5
020 |a 978-3-96595-030-6 
041 0 |a eng 
044 |a DE 
245 1 0 |a NEURO  |b Modern Approach to Economics Disciplines  |c Eva Hanuláková - Róbert Hula - Michael Šášky ; Reviewers: Małgorzata Krzywonos, Radek Tahal, Aneta Vančová 
250 |a 1st Edition 
264 1 |a Lüdenscheid  |b RAM-Verlag  |c 2022 
300 |a 192 s. [10 AH] 
610 2 0 |a neuroveda 
610 2 0 |a neuromarketing 
610 2 0 |a rozhodovanie 
610 2 0 |a riadenie 
610 2 0 |a etika 
610 2 0 |a disciplína hospodárska 
100 1 |a Hanuláková, Eva, 1964- 
700 1 |a Hula, Róbert, 1992- 
700 1 |a Šášky, Michael, 1996- 
700 1 |a Krzywonos, Małgorzata 
700 1 |a Tahal, Radek 
700 1 |a Vančová, Aneta